| 000 | 00872nam a22002297a 4500 | ||
|---|---|---|---|
| 001 | 6392 | ||
| 003 | FISKH | ||
| 005 | 20250428121058.0 | ||
| 008 | 250428b cb ||||| |||| 00| 0 eng d | ||
| 020 | _a9781600604522 | ||
| 040 |
_aFISKH _beng _cFISKH _dFISKH |
||
| 050 | _aGT3933 R49 | ||
| 082 | _a394.26 | ||
| 100 | _aReynolds, Jan | ||
| 245 |
_aCelebrate! : _bConnections among cultures / _cby Jan Reynolds |
||
| 260 |
_aNew York : _bLee & Low Book, _c2006 |
||
| 300 |
_a32 unnumbered pages ; _bcolor illustrations ; color maps ; _c22 x 26 cm |
||
| 520 | _aPhotos that explores the similarities among celebration rituals in several indigenous cultures around the world and compares them with celebrations in the United States. Includes a map and an author's note. | ||
| 650 |
_aDiversity _vConnection _xMulti-culteral |
||
| 942 |
_2ddc _cBK _n0 |
||
| 999 |
_c6392 _d6392 |
||